000 00455nam a2200181Ia 4500
008 230524s9999 xx 000 0 und d
020 _a9788177583168
082 _a174.4
_bKAL
100 _aRavi Kalakota
245 0 _aElectronic Commerce : A Manager's Guide
250 _aIST
260 _aNEW DELHI
_bPearson
_c2010
300 _aXIV;419
500 _aQuantity Number: 12
650 _aManagement
700 _a Andrew B.Whinston
942 _cBK
999 _c45477
_d45477